000 00541nam a22001937a 4500
003 KOHA_MİRAKIL
005 20260324121149.0
008 260324b tu ||||| |||| 00| 0 tur d
020 _a9789759051273
040 _aTR-AnABB
_btur
_cTR-AnABB
041 _atur
082 _a956.5
_bCIC 2007
100 1 _aÇiçekli, Meltem
245 1 0 _aKonya bir şehrin iki hikayesi /
_cMeltem Çiçekli
260 _aAnkara ;
_bDipnot Yayınları,
_c2007
300 _a120 sayfa :
_c20 cm
650 0 4 _aTarih , Konya
942 _2ddc
_cBK
999 _c10012
_d10012
900 _bCem ÖZOGLU